• 首页
  • 本馆介绍
  • 公告通知
  • 最新文献
  • 馆藏检索
  • 电子资源
  • 读者导购
  • 参考咨询
  • 我的图书馆
  • 登录
  • 详细信息显示
  • 放入我的书架
  • 预约/预借图书
  • 作者相关作品
  • 分类相关作品
  • 丛书相关作品
  • 出版社相关作品

书目信息

  • 表格格式
  • 工作单格式
  • 卡片格式
题名:
中国钻石革命
    
 
作者: 张栋 著
分册:  
出版信息: 郑州   郑州大学出版社  2020.6
页数: 214页
开本: 24cm
丛书名:
单 册:
中图分类: TQ164.8
科图分类:
主题词: 钻石--人工合成--研究
电子资源:
ISBN: 978-7-5645-6412-4
000 00911nam0 2200253 45
001 012001000831
005 20140912083819.0
010    @a978-7-5645-6412-4@dCNY198.00
100    @a20200923d2020 em y0chiy50 ea
101 0  @achi
102    @aCN@b410000
105    @aa z 000yy
106    @ar
200 1  @a中国钻石革命@Azhong guo zuan shi ge ming@b专著@dChina's diamond revolution@f张栋著@zeng
210    @a郑州@c郑州大学出版社@d2020.6
215    @a214页@c彩图@d24cm
300    @a并列题名:China's diamond revolution
330    @a本书共分为5章,主要内容包括:合成钻石的前世与今生;万众瞩目的合成钻石发展格局;合成钻石与天然钻石的博弈;合成钻石在中国的默默崛起;天然钻石垄断世界下的革命者。
510 1  @aChina's diamond revolution@zeng
606 0  @a钻石@x人工合成@x研究
690    @aTQ164.8@v5
701  0 @a张栋@Azhang dong@4著
801  0 @aCN@bBJSDL@c20211011
905    @b1332241-4@dTQ164.8@e7@f4
    
    中国钻石革命=China's diamond revolution/张栋著.-郑州:郑州大学出版社,2020.6
    214页:彩图;24cm
    并列题名:China's diamond revolution
    
    ISBN 978-7-5645-6412-4:CNY198.00
    本书共分为5章,主要内容包括:合成钻石的前世与今生;万众瞩目的合成钻石发展格局;合成钻石与天然钻石的博弈;合成钻石在中国的默默崛起;天然钻石垄断世界下的革命者。
●
相关链接 在E读中查询图书 在五车中查询图书 在当当中查询图书 在豆瓣中查询图书


正题名:中国钻石革命     索取号:TQ164.8/7         预约/预借

序号 登录号 条形码 馆藏地/架位号 状态 备注
1 1332241   213322411   第二样本阅览室/ [索取号:TQ164.8/7] 在馆    
2 1332242   213322420   第三借阅区/ [索取号:TQ164.8/7] 在馆    
3 1332243   213322439   第三借阅区/ [索取号:TQ164.8/7] 在馆    
4 1332244   213322448   第三借阅区/ [索取号:TQ164.8/7] 在馆    
唐山师范学院图书馆 欢迎您!
大连网信软件有限公司© 版权所有